000 00993nam a22003137a 4500
001 BR2022000749
003 BR-BrBNA
005 20250401085143.0
007 ta
008 230509b bl.||||| |||| 00| 0 por d
020 _a978-85-7991-127-9
040 _aBR-BrBNA
_bpor
_cBiblioteca Nacional de Agricultura
041 _a(Por)
072 _aE10; F01; E21
090 _aE10
_bBR2022000749
110 1 _aMinistério da Agricultura, Pecuária e Abastecimento, Brasília, DF (Brasil). Secretaria de Política Agrícola
245 1 _aProjeções do agronegócio: Brasil 2018/19 a 2028/29; projeções de longo prazo
250 1 _a10. ed.
260 3 _aBrasília, DF (Brasil):
_c2019.
300 _a124 p.
500 _a30 ref.; 62 illus.; 94 tables; 3 graphs
650 _aPOLÍTICA AGRÍCOLA
650 _aAGRONEGÓCIO
650 _aINDÚSTRIA AGRÍCOLA
650 _aPRODUÇÃO AGRÍCOLA
650 _aPRODUÇÃO DE CARNE
650 _aPRODUÇÃO LEITEIRA
942 _cBK
_2AGRIS
999 _c86144
_d86144